LEADER 01735nam 2200481I 450 001 9910707912103321 005 20170223100747.0 035 $a(CKB)5470000002469452 035 $a(OCoLC)973483798 035 $a(EXLCZ)995470000002469452 100 $a20170223j199610 ua 0 101 0 $aeng 135 $aurbn||||||||| 181 $ctxt$2rdacontent 182 $cc$2rdamedia 183 $acr$2rdacarrier 200 12$aA benchmark problem for development of autonomous structural modal identification /$fRichard S. Pappa, Stanley E. Woodard, Jer-Nan Juang 210 1$aHampton, Virginia :$cNational Aeronautics and Space Administration, Langley Research Center,$dOctober 1996. 215 $a1 online resource (7 pages) $cillustrations 225 1 $aNASA technical memorandum ;$v110291 300 $a"October 1996." 300 $a"Performing organization: NASA Langley Research Center" Report documentation page. 320 $aIncludes bibliographical references (page 7). 606 $aModal response$2nasat 606 $aExcitation$2nasat 606 $aResonant frequencies$2nasat 606 $aParameter identification$2nasat 606 $aStructural vibration$2nasat 615 7$aModal response. 615 7$aExcitation. 615 7$aResonant frequencies. 615 7$aParameter identification. 615 7$aStructural vibration. 700 $aPappa$b Richard S.$01387329 702 $aWoodard$b Stanley E. 702 $aJuang$b Jer-Nan 712 02$aLangley Research Center, 801 0$bGPO 801 1$bGPO 906 $aBOOK 912 $a9910707912103321 996 $aA benchmark problem for development of autonomous structural modal identification$93467458 997 $aUNINA LEADER 01812oas 2200745 a 450 001 9910389179403321 005 20251106213014.0 011 $a1945-0419 035 $a(OCoLC)48879173 035 $a(CONSER) 2008214677 035 $a(CKB)110978984445001 035 $a(EXLCZ)99110978984445001 100 $a20020128a19969999 sy a 101 0 $aeng 135 $aur||||||||||| 181 $ctxt$2rdacontent 182 $cc$2rdamedia 183 $acr$2rdacarrier 200 00$aHospice management advisor 210 $aAtlanta, GA $cAmerican Health Consultants 311 08$a1087-0288 531 0 $aHosp. manag. advis. 606 $aHospice care$vPeriodicals 606 $aHospices$xorganization & administration 606 $aSoins en phase terminale$vPe?riodiques 606 $aHospice care$2fast$3(OCoLC)fst00960872 608 $aperiodicals.$2aat 608 $aPeriodicals.$2fast 608 $aPeriodicals.$2lcgft 608 $aPe?riodiques.$2rvmgf 615 0$aHospice care 615 2$aHospices$xorganization & administration. 615 6$aSoins en phase terminale 615 7$aHospice care. 676 $a362 801 0$bFQM 801 1$bFQM 801 2$bOCLCQ 801 2$bNSD 801 2$bSBH 801 2$bOCLCQ 801 2$bOCLCF 801 2$bOCLCQ 801 2$bZ5A 801 2$bOCLCO 801 2$bOCLCA 801 2$bU3W 801 2$bOCLCO 801 2$bCRU 801 2$bAUD 801 2$bVT2 801 2$bOCLCO 801 2$bBWN 801 2$bOCLCQ 801 2$bOCLCL 801 2$bUX0 801 2$bCO3 801 2$bXFH 801 2$bTAW 801 2$bUAB 801 2$bOCLCQ 906 $aJOURNAL 912 $a9910389179403321 996 $aHospice management advisor$92236663 997 $aUNINA